عرض عادي
عرض مارك
- Multiphase flow
مدخل مصطلح موضوعي
001 - رقم الضبط
- حقل الضبط: 12013
003 - معرف رقم الضبط
- حقل الضبط: OSt
005 - تاريخ ووقت أخر عملية
- حقل الضبط: 20120427162244.0
008 - عناصر بيانات ثابتة الطول
- حقل تحكم ثابت الطول: 120427|||a|||||| | ||| d
040 ## - مصدر الفهرسة
- هيئة الفهرسة الأصلية: OSt
- وكالة الكتابة: OSt
150 ## - مدخل-- مصطلح تاريخي
- عنصر مدخل المصطلح الموضوعي او الاسم الجغرافي: Multiphase flow
- تفريع عام: Data processing
- تفريع شكلي: Congresses.
670 ## - بيانات المصدر موجوده
- الاستشهاد بالمصدر: Work cat.: (OSt)24132: International Conference on Computational Methods in Multiphase Flow (5th : 2009 : Wessex Institute of Technology) 12011, Computational methods in multiphase flow V /, c2009.
